000 00873nam a2200217Ii 4500
003 JO-AjNU
008 230605s9999||||xx |||||||||||||| ||und||
017 _a2007/5/1426
040 _aJO-AjNU
_bara
_erda
_cJO-AjNU
041 _aara
050 1 4 _aHD30.2.N35.2008
100 3 _aنجم،عبود نجم,
_eauthor
_927699
245 0 0 _aإدارة المعرفة:المفاهيم والاستراتيجيات والعمليات=Knowledge Managcment :concepts,strategies,processes
250 _aط2مزيدو ومنقحة
264 3 1 _aعمان:مؤسسة الوراق للنشر والتوزيع،2008
300 _a581ص
_bببليوجرافية:ص560-ص570، الملاحق :ص572-ص581
336 _atext
_btxt
_2rdacontent
337 _aunmediated
_bn
_2rdamedia
338 _avolume
_bnc
_2rdacarrier
650 4 _aالمعرفة-ادارة المعلومات
_927700
999 _aA10656
_c14224
_d14224